000 00270nam a2200121 i 4500
001 bg
245 0 _aTeorija i rasĨet linejnych uskoritelej.
260 _aMoskva,
_c1962.
040 _cBPK
041 _apol
942 _cKS
008 s pl f |000 0 pol
999 _c12679
_d12679
856 _uhttp://koha.tu.koszalin.pl/cgi-bin/koha/opac-detail.pl?biblionumber=12679
_yKatalog online BPK